LEADER 01081nam a2200277 u 4500 001 000000076727 003 CaOOAMICUS 005 20070226123237.0 008 031217s2002 enk u000 u eng u 020 $a0198237197 035 $a10979701 040 $aPUL$bita 100 1 $aWiggins, David.$0(OLS)http://pul/name/51064 245 10$aNeeds, values, truth :$bessays in the philosophy of value /$cDavid Wiggins. 250 $a3rd ed., amended. 260 $aOxford :$bClarendon Press,$c2002. 300 $axii, 398 p. ;$c23 cm 500 $aComprende indice. 504 $aBibliografia in nota. 650 4$aValore (Filosofia).$0(OLS)http://pul/subject/4803 850 $aPUL 852 $aPUL$W1$xSL Religione 1$y3$m36 L 7$j98545$nBK-PRI$b $qStampati$B98545$CPULBib$Z2$F98545 $HPUL92085 $81 941 1 $a8 996 $6020$a0198237197$9(OLS)http://pul/number/100525 996 $6245$aNeeds, values, truth :$bessays in the philosophy of value$9(OLS)http://pul/title/100599 996 $6260$aOxford :$bClarendon Press$9(OLS)http://pul/publisher/48412 LEADER 01469nam a2200337 u 4500 001 000000014721 003 CaOOAMICUS 005 20130507105200.0 008 940517r19861968it f u000 u ita u 020 $a8802026769 035 $a10346102 040 $aPUL(R)$bita 041 1 $aita$hpal 130 0 $aKhuddaka-nikaya$lItaliano.$0(OLS)http://pul/title/21131 245 10$aCanone buddhista :$bdiscorsi brevi /$ca cura di Pio Filippani-Ronconi. 260 $aTorino :$bUnione Tipografico-Editrice Torinese,$c1986. 300 $a761 p. :$btav. ;$c24 cm 490 1 $aClassici UTET 490 1 $aClassici delle religioni.$aSezione prima, Religioni orientali 504 $aBibliografia: p. [87]-92. 650 0$aBuddhism$xSacred books.$2//eng$0(OLS)http://pul/subject/10270 700 1 $aFilippani-Ronconi, Pio.$0(OLS)http://pul/name/13629 830 0$aClassici delle religioni (UTET).$nSezione prima,$pReligioni orientali.$0(OLS)http://pul/title/2877 830 0$aClassici UTET.$0(OLS)http://pul/title/1243 850 $aPUL 852 $aPUL$W1$xSL Religione 3$y85$m200. 3 COLL 3.3.1$j153744$nBK-PRI$qDDC 21$B20645$CPULBib$Z2$F20645 $H50048 $82 941 1 $a9 961 $aINV: 50048 996 $6020$a8802026769$9(OLS)http://pul/number/18696 996 $6245$aCanone buddhista :$bdiscorsi brevi$9(OLS)http://pul/title/21132 996 $6260$aTorino :$bUnione Tipografico-Editrice Torinese$9(OLS)http://pul/publisher/48798